| 000 | 00976cam a22002895a 4500 | ||
|---|---|---|---|
| 001 | 18020970 | ||
| 005 | 20160217114436.0 | ||
| 008 | 140128t2014 nyua frb 001 0 eng d | ||
| 020 | _a9781493903627 (hbk) | ||
| 020 | _z978149390363 (ebook) | ||
| 040 |
_aDLC _beng _cDLC _dDLC _dEG-ScBUE _dEG-ScBUE |
||
| 082 | 0 | 4 |
_a615.6 _bDRU _222 |
| 245 | 0 | 0 |
_aDrug delivery system / _cedited by Kewal K. Jain. |
| 250 | _a2nd ed. | ||
| 260 |
_aNew York : _bHumana Press / Springer, _cc.2014. |
||
| 300 |
_axi, 280 p. : _bill. (some col.) ; _c26 cm. |
||
| 490 | 0 |
_aMethods in molecular biology ; _vvol. 1141 |
|
| 500 | _aIndex : p. 279-280. | ||
| 500 | _aSpringer protocols -- Cover. | ||
| 504 | _aIncludes bibliographical references. | ||
| 650 | 7 |
_aDrug delivery systems. _2BUEsh _936090 |
|
| 650 | 7 |
_aCentral nervous system _xDiseases _xComplications. _2BUEsh _939373 |
|
| 651 | _2BUEsh | ||
| 653 |
_bPPhrm _cFebruary2016 |
||
| 700 | 1 |
_aJain, K. K. _q(Kewal K.) _eeditor. |
|
| 942 | _2ddc | ||
| 999 |
_c21174 _d21146 |
||